000 00412pab a2200157 454500
008 180718b1989 xxu||||| |||| 00| 0 eng d
100 _aPerumal, C.A.
245 _aEthnic violence in Sri Lanka
_bCause and consequences
260 _c1989
300 _a1-17
362 _aJan.-Mar.
650 _aEthnicity - Sri Lanka
700 _aR. Thandavan
773 _aIndian Journal of Political Science
909 _a7823
999 _c7823
_d7823